000 00430nam a22001457a 4500
008 160913b xxu||||| |||| 00| 0 eng d
050 _aDB36.1.C7
100 _aCrankshaw, Edward
_925656
245 _aThe Habsburgs
_cEdward Crankshaw
260 _aGreat Britain
_bCorgi Books
_c1972
300 _a185p. ;
_c20cm.
650 _aHabsburg, House of
_xHistory
_925657
650 _aAustralia
_xPolitics
_925658
942 _2lcc
_cMONOGRAPH
999 _c125207
_d125207